000 00528nam a22001817a 4500
005 20251108165206.0
008 250721s2000 xx 000 0 ara d
082 1 4 _a332.1068/رمض
100 1 _aرمضان، زياد سليم
245 1 0 _aالإتجاهات المعاصرة في إدارة البنوك /
264 1 _aعمان :
_bدار وائل،
_c2000.
300 _a333ص
650 1 7 _aالبنوك
650 1 7 _aالإدارة
700 1 _aجودة، محفوظ أحمد
942 _2ddc
_cBK
999 _c21732
_d21732